| 000 | 00545nam a2200157 i 4500 | ||
|---|---|---|---|
| 001 | 24627 | ||
| 003 | ES-MaACL | ||
| 007 | t| | ||
| 008 | 021218s1865 sp ||||1| spa d | ||
| 100 | 1 |
_aAntón Ramírez, Braulio, _d1823-1892 _921953 |
|
| 245 | 1 | 0 |
_aDiccionario de bibliografía agronómica y de toda clase de escritos relacionados con la agricultura / _cBraulio Antón Ramírez. |
| 260 |
_aMadrid : _b[s.n., _c1865] ( _fM. Rivadeneyra) |
||
| 300 |
_aXVIII, 1015 p. ; _c27 cm. |
||
| 852 |
_aES-MaACL _jB-3425 |
||
| 999 |
_c24627 _d24627 |
||